| 000 | 00716cam a2200181 4500 | ||
|---|---|---|---|
| 001 | WB3714-03 | ||
| 008 | 000000n2001 000 0 eng u | ||
| 035 | _a(Sirsi) u111870 | ||
| 245 | _aAuction marts losing £1.6m | ||
| 260 | _c2001 | ||
| 490 |
_aScotsman _v 4 April 2001, 9(1) |
||
| 520 | _aThe Institute of Auctioneers has surveyed its 17 corporate members and found that they estimate a loss of £1.6m in lost commission income from cancelled sales. They urge the Scottish rural affairs department to consider the effect of the foot and mouth crisis on their industry. | ||
| 590 | _aWB | ||
| 650 | _aFOOT-AND-MOUTH DISEASE | ||
| 650 | _aLIVESTOCK INDUSTRY | ||
| 690 |
_aAuctioneering _96218 |
||
| 942 | _n0 | ||
| 999 |
_c66669 _d66669 |
||